000 01157cam a2200313 a 4500
999 _c20791
_d20791
001 3348658
003 BDDh-ASL
005 20231015025933.0
008 860128s1985 ii abf b 001 0 eng
010 _a 85903946
020 _a0195614844 :
_cRs180.00
040 _aDLC
_cDLC
_dDLC
_dBDDh-ASL
043 _aa-ii---
050 0 0 _aDS485.D3
_bH55 1985
082 0 0 _a954.56
_219
_bHIS
245 0 0 _aHistoric Delhi :
_ban anthology /
_cchosen and edited by H.K. Kaul.
260 _aDelhi ;
_aNew York :
_bOxford University Press,
_c1985.
300 _axli, 449 p., [29] p. of plates :
_bill., map ;
_c23 cm.
500 _aIncludes index.
504 _aBibliography: p. [419]-427.
651 0 _aDelhi (India)
_xHistory.
651 0 _aDelhi (India)
_xDescription and travel.
700 1 _aKaul, H. K.
_q(Hari Krishen),
_d1941-2020.
856 4 2 _3Publisher description
_uhttp://www.loc.gov/catdir/enhancements/fy0603/85903946-d.html
856 4 2 _3Contributor biographical information
_uhttp://www.loc.gov/catdir/enhancements/fy0723/85903946-b.html
906 _a7
_bcbc
_corignew
_d3
_encip
_f19
_gy-gencatlg
942 _2ddc
_cBK